000 00843nam a22002057a 4500
005 20241003104955.0
010 _aHIN-128395
020 _a9788194158196
_c495.00
035 _aHN-100741
037 _bDBAD
082 _a158.1
100 _aआनंद, ललित
_972302
245 _aस्वस्थ व सुखी जीवन का राज़ /
_cललित आनंद
250 _aप्रथम
260 _a दिल्ली
_bकिताबवाला
_c2020
270 _a2356, हडसन लाइन ,गुरु तेग बहादुर नगर ,
_bदिल्ली
_e110009
_k9654444181
_mkitabwallah@gmail.com
300 _a148 पृ.
_c22 सेमी (सजिल्द)
650 _aहिन्दी
_972303
942 _adpl
_cHN
_2ddc
_h158.1
_mआनंद
999 _c205758
_d205758